000 00628nam a2200205Ii 4500
003 JO-AjNU
008 230605s9999||||xx |||||||||||||| ||und||
040 _aJO-AjNU
_bara
_erda
_cJO-AjNU
041 _aara
050 1 4 _aPJ7631 2004
100 3 _aتأليف النور، أحمد علي,
_eauthor
_937756
245 0 0 _aسهو الآتي: شعر
250 _aط1
264 3 1 _aالسودان:مؤسسة الإنتشار العربي،2004
300 _a103ص
_bمصور
336 _atext
_btxt
_2rdacontent
337 _aunmediated
_bn
_2rdamedia
338 _avolume
_bnc
_2rdacarrier
650 4 _aشعر عربي
_937757
999 _aA15804
_c19372
_d19372